000 00687cam a22002171 4500
001 sa 65009463
003 DLC
005 20260227112202.0
008 810622s1964 ii a 000 0 eng
010 _asa 65009463
025 _aPL480:I-E-4628
035 _a(OCoLC)7520937
040 _aDLC
_cMnSU
_dDLC
042 _apremarc
050 0 0 _aTP684.C275
_bC3
110 2 _aCashew Export Promotion Council.
245 1 0 _aCashewnut shell liquid patents;
_ba compilation of patents on cashew nut shell liquid taken in the United States, India, United Kingdom, and Japan.
260 _aErnakulam
_c[1964]
300 _a2 v.
_billus. (part col.)
_c28 cm.
650 0 _aCashew oil
_xPatents.
999 _c66234
_d66234